000 00588nam a2200241Ia 4500
003 OSt
005 20221007111538.0
006 a|||||r|||| 00| 0
007 ta
008 221006b |||||||| |||| 00| 0 eng d
024 _a23,789
037 _cTextual
040 _aLCO
_cLCO
_beng
041 _2eng
_aeng
082 _aX62, J4
100 _aBeckhart B.H
245 0 _aBanking Systems
260 _aBombay
_bThe Times of India Press India
_c1954
300 _a1028
650 _aBANKING
942 _hX62, J4
_cTEXL
999 _c1193352
_d1193352